000 00349nam a2200145Ia 4500
999 _c8218
_d8218
020 _a9788192718323
082 _a305.800954558 YAD-M
100 _aYadav, Rajender
245 0 _aMeo community: a socio-political brief
260 _aNew Delhi
_bG.B. Books
_c2013
300 _aviii, 241
650 _aMEOS,THE
650 _aMEWAT REGION
942 _cBK